| 000 | 00346nam a2200145Ia 4500 | ||
|---|---|---|---|
| 008 | 210210b1966 xxu||||| |||| 00| 0 eng d | ||
| 082 | _a361.1 FART | ||
| 100 | _aFARBEROW (Norman L). | ||
| 245 | _aTaboo topics. | ||
| 260 |
_aNY _bAtherton Press _c1966 |
||
| 300 | _a141 | ||
| 650 | _aTaboo topics | ||
| 690 | _aSocial Problems | ||
| 906 | _a041061 | ||
| 999 |
_c90708 _d90708 |
||